| 000 | 01516cam a22004214i 4500 | ||
|---|---|---|---|
| 003 | PE-LiUPU | ||
| 005 | 20250731175644.0 | ||
| 008 | 150616s r 000 0 d | ||
| 020 | _a0802463169 | ||
| 035 | _a(Sirsi) i9780802463166 | ||
| 040 |
_aPE-LiUPU _bspa _cPE-LiUPU _erda |
||
| 049 | _aPRUA | ||
| 082 | 0 | 4 |
_a492.415 _bB29 _221 |
| 100 | 1 |
_aBeall, Todd S., _d1952-, _eautor. |
|
| 245 | 1 | 0 |
_aOld Testament Parsing Guide: Job - Malachi / _cTodd S. Beall, William A. Banks. |
| 264 | 1 |
_aChicago : _bMoody Press, _c1990. |
|
| 300 |
_a299 páginas ; _c24 centímetros |
||
| 336 |
_atext _2rdacontent |
||
| 337 |
_aunmediated _2rdamedia |
||
| 338 |
_avolume _2rdacarrier |
||
| 505 | 0 | _aGuia para el análisis gramatical del Antiguo Testamento desde Job hasta Malaquías. | |
| 526 | _aP145 | ||
| 526 | _aP127 | ||
| 526 | _aP97 | ||
| 526 | _aP35 | ||
| 526 | _aP14 | ||
| 526 | _aP07 | ||
| 630 |
_aBiblia. _pA.T. _xLenguaje, estilo. |
||
| 650 | 0 | 4 |
_aHebreo bíblico _xGramática. |
| 700 | 1 |
_aBanks, William A., _eautor. |
|
| 910 |
_ajck _bjvq _cjck |
||
| 942 |
_2ddc _cBOOK |
||
| 949 |
_a492.415 B29 _wDEWEY _c1 _i39779 _lCCODEBUL1 _mBUL _r0 _sY _tBOOK _u2015-6-16 _xTEOLOGIA _zUNKNOWN _0COMPRA _o.STAFF. Colección General |
||
| 994 |
_aC0 _bPEPRU |
||
| 596 | _a1 | ||
| 999 |
_a492.415 B29 _wDEWEY _c57426 _i39779 _f2021-11-11 _g5 _lCCODEBUL1 _mBUL _r0 _sY _tBOOK _u2015-6-16 _xTEOLOGIA _zUNKNOWN _0COMPRA _o.STAFF. Colección General _d57426 |
||
| 980 |
_81 _gALBERTO SANCHEZ Responsable de Automatización |
||